000
00327nam a2200145Ia 4500
008
150201s2005 xx 000 0 und d
082
_a
618
_b
M2005D
100
_a
DAFTARY
245
_a
MANUAL OF OBSTETRICS
250
_a
2ND
260
_b
ELSEVIER
_a
DELHI
_c
2005
300
_a
1-730
650
_a
GYNAECOLOGY
942
_2
ddc
_c
BK
999
_c
3921
_d
3921